| 000 | 00719 a2200217 4500 | ||
|---|---|---|---|
| 999 |
_c1681 _d1681 |
||
| 020 | _a0130400955 | ||
| 050 | 0 | 0 | _aHF5686.HOR 2000 |
| 100 | 1 |
_aHorngren, Charles T., _d1926- |
|
| 245 | 1 | 0 |
_aCost accounting; a managerial emphasis _cCharles T. Horngren. |
| 250 | _a3rd ed. | ||
| 264 |
_aNew Jersey: _bPrentice hall., _c2000 |
||
| 300 |
_axxi, 963 p. _billus. |
||
| 500 | _aIncludes bibliographical references. | ||
| 504 | _a"List of N.A.A. [National Association of Accountants] research publications": p. 933-934. | ||
| 504 | _aIncludes bibliographical references. | ||
| 650 | 0 | _aCost accounting. | |
| 650 | 0 | _aManagerial accounting. | |
| 700 | _aFoster | ||
| 700 | _aDatar | ||
| 942 |
_2lcc _cBK _e10th _h5686 _iHOR _kHF |
||